Loading...
History - American History | 1 | 2 | 0 | 1 | 35 | 28 | 81.00 | 0 | 1 |
History - American History | 1 | 0 | 0 | 0 | 15 | 66 | 66.00 | 0 | 0 |
Other - Pop Culture | 0 | 1 | 0 | 0 | 10 | 110 | 110.00 | 0 | 1 |
Arts - Music | 0 | 1 | 0 | 0 | 10 | 120 | 120.00 | 0 | 0 |
History - World History | 0 | 1 | 0 | 0 | 10 | 111 | 111.00 | 0 | 1 |
Literature - Euro Lit | 0 | 1 | 0 | 0 | 10 | 130 | 130.00 | 0 | 0 |
Literature - British Lit | 0 | 1 | 0 | 0 | 10 | 110 | 110.00 | 0 | 0 |
Other - Geo/CE | 0 | 1 | 0 | 1 | 10 | 129 | 129.00 | 0 | 0 |
Arts - Music | 0 | 1 | 2 | 0 | 0 | 124 | 124.00 | 0 | 0 |
Arts - Other Arts | 0 | 0 | 0 | 0 | 0 | 0.00 | 0 | 0 | |
History - Euro History | 0 | 0 | 0 | 0 | 0 | 0.00 | 0 | 0 | |
Science - Biology | 0 | 0 | 1 | 0 | -5 | 0.00 | 0 | 0 |